| 000 | 00694nam a2200253 a 4500 | ||
|---|---|---|---|
| 003 | AR-BaBNM | ||
| 005 | 20251128204922.0 | ||
| 008 | 082120s2002 ||||||||||||||000 | spa|| | ||
| 040 | _cAR-BaBNM | ||
| 100 | 1 | _aKlein, Josephine | |
| 245 | 0 | 0 | _aEstudio de los grupos |
| 250 | _a1ª ed. | ||
| 260 |
_aMéxico, D.F. _bFondo de Cultura Económica _c1975 |
||
| 300 |
_a205 p. _bgráfs., tablas |
||
| 490 | 0 | _aSección de obras de sociología | |
| 504 | _aBibliografía: p. 197-201 | ||
| 650 | 4 | _aTEORIA DE LOS GRUPOS | |
| 650 | 4 | _aDINAMICA DE GRUPO | |
| 650 | 4 | _aSOCIOLOGIA POLITICA | |
| 650 | 4 | _aORGANIZACION | |
| 700 | 1 |
_aCampos, Julieta _etraductor |
|
| 942 | _cBK | ||
| 998 | _cEnrique | ||
| 999 |
_c9332 _d9332 |
||